书目信息 |
| 题名: |
通信线路工程
|
|
| 作者: | 李立高 主编 | |
| 分册: | ||
| 出版信息: | 西安 西安电子科技大学出版社 2015.11 |
|
| 页数: | 328页 | |
| 开本: | 26cm | |
| 丛书名: | ||
| 单 册: | ||
| 中图分类: | TN913.3 | |
| 科图分类: | ||
| 主题词: | 通信线路--通信工程--高等教育--教材 | |
| 电子资源: | ||
| ISBN: | 978-7-5606-3660-3 | |
| 000 | 00924nam0 2200265 450 | |
| 001 | 0120161791503 | |
| 005 | 20170327102315.45 | |
| 010 | @a978-7-5606-3660-3@dCNY35.00 | |
| 100 | @a20160309d2015 em y0chiy50 ea | |
| 101 | 0 | @achi |
| 102 | @aCN@b610000 | |
| 105 | @aak z 000yy | |
| 106 | @ar | |
| 200 | 1 | @a通信线路工程@9tong xin xian lu gong cheng@f李立高主编 |
| 205 | @a2版 | |
| 210 | @a西安@c西安电子科技大学出版社@d2015.11 | |
| 215 | @a328页@c图@d26cm | |
| 300 | @a中国高等职业技术教育研究会推荐 高职高专通信类专业“十二五”规划教材 | |
| 330 | @a本书详细介绍了通信线路建设工程中最基础、最实用的知识和技能,书中包括:通信电/光缆的结构、类型和主要特性指标;智能综合布线工程的设计、施工与测试等内容。 | |
| 333 | @a高职 | |
| 606 | 0 | @a通信线路@x通信工程@x高等教育@j教材 |
| 690 | @aTN913.3@v5 | |
| 701 | 0 | @a李立高@9li li gao@4主编 |
| 801 | 0 | @aCN@b人天书店@c20160309 |
| 905 | @b982084-87@dTN913.3@e78=2@f4 | |
| 通信线路工程/李立高主编.-2版.-西安:西安电子科技大学出版社,2015.11 |
| 328页:图;26cm |
| 中国高等职业技术教育研究会推荐 高职高专通信类专业“十二五”规划教材.-使用对象:高职 |
| ISBN 978-7-5606-3660-3:CNY35.00 |
| 本书详细介绍了通信线路建设工程中最基础、最实用的知识和技能,书中包括:通信电/光缆的结构、类型和主要特性指标;智能综合布线工程的设计、施工与测试等内容。 |
| ● |
| 相关链接 |
|
|
|
|
正题名:通信线路工程
索取号:TN913.3/78=2
 
预约/预借
| 序号 | 登录号 | 条形码 | 馆藏地/架位号 | 状态 | 备注 |
| 1 | 982084 | 209820844 | 第二样本阅览室/ [索取号:TN913.3/78=2] | 在馆 | |
| 2 | 982085 | 209820853 | 第三借阅区/ [索取号:TN913.3/78=2] | 在馆 | |
| 3 | 982086 | 209820862 | 第三借阅区/ [索取号:TN913.3/78=2] | 在馆 | |
| 4 | 982087 | 209820871 | 密集书库-物理学院/ [索取号:TN913.3/78=2] | 在馆 |